[Event "TIPC 2010"]
[Site "Charleroi"]
[Date "2010.08.03"]
[Round "5.18"]
[White "Van Vliet, Dennis"]
[Black "Reyskens, Jules"]
[Result "1-0"]
[WhiteElo "2076"]
[BlackElo "1629"]
[PlyCount "55"]

1. d4 Nf6 2. c4 g6 3. Nc3 d5 4. cxd5 Nxd5 5. e4 Nxc3 6. bxc3 Bg7 7. Nf3 O-O 8.
Rb1 c5 9. Be2 b6 10. O-O Bb7 11. d5 Nd7 12. Bc4 Ne5 13. Nxe5 Bxe5 14. Qd3 Qc7
15. f4 Bg7 16. Bd2 Rad8 17. Be1 Kh8 18. Bh4 f6 19. f5 g5 20. Bg3 Qc8 21. Qe2 h6
22. Rf3 Rd6 23. a4 Rfd8 24. Rf2 Kh7 25. Qd3 Kh8 26. Rfb2 Bc6 27. Ba6 Qc7 28.
dxc6 1-0

[Event "TIPC 2010"]
[Site "Charleroi"]
[Date "2010.08.03"]
[Round "5.19"]
[White "Winants, Henri"]
[Black "Van Uytven, Eric"]
[Result "1/2-1/2"]
[WhiteElo "1953"]
[BlackElo "2160"]
[PlyCount "82"]

1. g3 d5 2. Bg2 Nf6 3. Nf3 e6 4. O-O Be7 5. d3 O-O 6. Nbd2 c5 7. e4 Nc6 8. Re1
Rb8 9. a4 b6 10. b3 Ba6 11. e5 Nd7 12. Bb2 Rc8 13. Nb1 Nb4 14. Na3 c4 15. dxc4
dxc4 16. bxc4 Bxc4 17. Nxc4 Rxc4 18. c3 Nd5 19. Qd3 Rc8 20. Nd4 Nc5 21. Qd1 Nb7
22. Nf5 Re8 23. Nxe7+ Rxe7 24. Bxd5 Qxd5 25. Qxd5 exd5 26. Rad1 Rd7 27. Re4 Na5
28. Red4 Nc4 29. Bc1 Nxe5 30. Rxd5 Rxd5 31. Rxd5 f6 32. Bf4 Rxc3 33. Bxe5 fxe5
34. Rxe5 Ra3 35. Re4 g6 36. Rc4 a6 37. Rb4 Kg7 38. Kg2 a5 39. Rxb6 Rxa4 40. Ra6
h5 41. h4 Ra3 1/2-1/2

[Event "TIPC 2010"]
[Site "Charleroi"]
[Date "2010.08.03"]
[Round "5.20"]
[White "Mattheys, Eddy"]
[Black "Hody, Pierre"]
[Result "1/2-1/2"]
[WhiteElo "1937"]
[BlackElo "2139"]
[PlyCount "88"]

1. d4 f5 2. Nf3 Nf6 3. g3 g6 4. Bg2 Bg7 5. O-O O-O 6. b3 d6 7. Bb2 Qe8 8. c4 c6
9. Nbd2 Na6 10. Re1 h6 11. e4 fxe4 12. Nxe4 Nxe4 13. Rxe4 Bf5 14. Re3 Qd7 15.
Qe1 Rf7 16. Nh4 Raf8 17. Nxf5 Qxf5 18. Re2 Nc7 19. Rd1 d5 20. Ba3 Bf6 21. Rdd2
Re8 22. Bb2 g5 23. a4 g4 24. Rc2 a6 25. cxd5 Nxd5 26. Rc5 Qd7 27. Bxd5 cxd5 28.
Rec2 Qf5 29. Qe2 h5 30. Rd2 e6 31. Qd3 Qxd3 32. Rxd3 Be7 33. Rc7 Bd6 34. Rxf7
Kxf7 35. f4 Rc8 36. Rc3 Rxc3 37. Bxc3 Kf6 38. Kf2 Kf5 39. Ke3 h4 40. Be1 h3 41.
Kd3 Ba3 42. Bf2 Bb2 43. Bg1 Bc1 44. Bf2 Bb2 1/2-1/2

[Event "TIPC 2010"]
[Site "Charleroi"]
[Date "2010.08.04"]
[Round "6.1"]
[White "Van Der Stricht, Geert"]
[Black "Vandenbussche, Thibaut"]
[Result "0-1"]
[WhiteElo "2393"]
[BlackElo "2317"]
[PlyCount "37"]

1. d4 g6 2. e4 Bg7 3. c4 d6 4. Nc3 e5 5. Nf3 exd4 6. Nxd4 Nc6 7. Be3 Nge7 8. h4
f5 9. h5 fxe4 10. hxg6 Nxg6 11. Qd2 O-O 12. O-O-O Nxd4 13. Bxd4 Bxd4 14. Qxd4
Qg5+ 15. Kb1 Bf5 16. c5 Qf6 17. Qxf6 Rxf6 18. Nd5 Rff8 19. Ne3 {gsm} 0-1

[Event "TIPC 2010"]
[Site "Charleroi"]
[Date "2010.08.04"]
[Round "6.2"]
[White "Lacroix, Bruno"]
[Black "Simon, Olivier"]
[Result "0-1"]
[WhiteElo "2165"]
[BlackElo "2339"]
[PlyCount "111"]

1. d4 Nf6 2. Nf3 g6 3. Nc3 d5 4. Bf4 Bg7 5. e3 O-O 6. Be2 c5 7. Ne5 Nc6 8. O-O
Be6 9. dxc5 Qa5 10. Nb5 Qb4 11. Nc7 Rac8 12. Nxc6 bxc6 13. Nxe6 fxe6 14. Qd4
Qxd4 15. exd4 Ne4 16. Bg4 Bxd4 17. Bxe6+ Kg7 18. Bxc8 Rxf4 19. g3 Rf6 20. Rad1
Bxb2 21. f4 Ba3 22. Ba6 Bxc5+ 23. Kg2 Nc3 24. Rd3 d4 25. Bc4 Rf8 26. Re1 Rb8
27. Re5 Bd6 28. Ra5 c5 29. Bb3 Rb7 30. Kf3 Kf6 31. Ra6 h6 32. Rd2 Rc7 33. Bc4
Rb7 34. Bb3 g5 35. fxg5+ hxg5 36. Kg4 Kg6 37. Bc4 Kh6 38. a3 Ne4 39. Re2 Nf6+
40. Kf5 Ne8 41. Re6+ Kg7 42. Kxg5 Nf6 43. Kf5 Nd7 44. Rg6+ Kh7 45. Kg5 Ne5 46.
Rh6+ Kg7 47. Bd5 Rc7 48. Rh4 e6 49. Rxd6 Nf7+ 50. Kh5 Nxd6 51. Bxe6 Kf6 52. Bg8
Ke5 53. Rf4 Nf5 54. Bc4 Rh7+ 55. Kg6 Rg7+ 56. Kh5 0-1

[Event "TIPC 2010"]
[Site "Charleroi"]
[Date "2010.08.04"]
[Round "6.3"]
[White "Vandevoort, Pascal"]
[Black "Hautot, Stéphane"]
[Result "1-0"]
[WhiteElo "2345"]
[BlackElo "2422"]
[PlyCount "91"]

1. e4 c5 2. Nf3 d6 3. d4 cxd4 4. Nxd4 Nf6 5. Nc3 e6 6. g4 h6 7. h3 Nc6 8. Be3
d5 9. exd5 Nxd5 10. Nxd5 Qxd5 11. Rg1 Bd7 12. Bg2 Qe5 13. Nxc6 Bxc6 14. Bxc6+
bxc6 15. Qd4 Qxd4 16. Bxd4 c5 17. Bc3 O-O-O 18. Rg3 f6 19. Re3 e5 20. Ke2 Bd6
21. Rd1 Bc7 22. Rxd8+ Kxd8 23. Bd2 Kd7 24. Rc3 Bb6 25. Be3 Kd6 26. a4 h5 27. a5
Bxa5 28. Bxc5+ Kd5 29. b4 Bb6 30. Bxb6 axb6 31. Rc7 hxg4 32. hxg4 g6 33. Rd7+
Kc4 34. Rd6 f5 35. Rxb6 fxg4 36. Rxg6 Kxb4 37. Rxg4+ Kc3 38. Ke3 Kxc2 39. Rg5
Re8 40. Ke4 Rf8 41. Rf5 Rh8 42. Rxe5 Kd2 43. f4 Ke2 44. f5 Rh4+ 45. Kd5+ Kf3
46. f6 1-0

[Event "TIPC 2010"]
[Site "Charleroi"]
[Date "2010.08.04"]
[Round "6.4"]
[White "Duhayon, Yves"]
[Black "Wirig, Anthony"]
[Result "0-1"]
[WhiteElo "2211"]
[BlackElo "2489"]
[PlyCount "89"]

1. d4 Nf6 2. c4 e6 3. Nc3 Bb4 4. Bg5 h6 5. Bh4 Bxc3+ 6. bxc3 d6 7. f3 Nbd7
8. e4 Qe7 9. Bd3 b6 10. Ne2 Bb7 11. a4 a5 12. Rb1 Bc6 13. O-O g5 14. Bg3
Nh5 15. Bf2 Nf4 16. Bc2 Bb7 17. Be3 Ba6 18. Nxf4 gxf4 19. Bxf4 Bxc4 20. Bd3
Bxd3 21. Qxd3 Nf8 22. Qb5+ Qd7 23. c4 Qxb5 24. Rxb5 h5 25. c5 bxc5 26. dxc5
e5 27. Be3 Kd7 28. Rd1 Ra6 29. cxd6 cxd6 30. Rxe5 Ng6 31. Red5 Ke6 32. f4
Ne7 33. f5+ Kd7 34. Rb5 Rc8 35. f6 Ng6 36. e5 Rc3 37. Bb6 Nxe5 38. Bxa5 Rd3
39. Rxd3 Nxd3 40. Bc3 Rxa4 41. h3 Rc4 42. Bd2 Ne5 43. Rb4 Ke6 44. Rxc4 Nxc4
45. Bg5 Kf5 46. Bh4 d5 47. Kf2 d4 48. Ke2 Ke4 49. Bg5 Ne5 50. Kd2 Ng6 51.
h4 Ne5 52. Ke2 Ng4 53. Kd2 Ne3 54. Bxe3 dxe3+ 55. Ke2 Kd4 56. g4 hxg4 57.
h5 g3 58. Kf3 Kd3 59. h6 e2 60. h7 e1=Q 61. h8=Q Qe3+ 62. Kg4 g2 63. Kf5
Qe4+ 1-0

[Event "TIPC 2010"]
[Site "Charleroi"]
[Date "2010.08.04"]
[Round "6.5"]
[White "Rausis, Igor"]
[Black "Vanderwaeren, Serge"]
[Result "1-0"]
[WhiteElo "2466"]
[BlackElo "2168"]
[PlyCount "89"]

1. e4 e6 2. d4 d5 3. Nd2 Nf6 4. e5 Nfd7 5. c3 c5 6. Bd3 Nc6 7. Ne2 cxd4 8. cxd4
f6 9. Nf4 Nxd4 10. Qh5+ Ke7 11. exf6+ Nxf6 12. Ng6+ hxg6 13. Qxh8 Kf7 14. O-O
e5 15. Nf3 Nxf3+ 16. gxf3 Be7 17. Qxd8 Bxd8 18. Re1 Bc7 19. Be3 d4 20. Bc4+ Kf8
21. Bd2 a5 22. b4 Bd7 23. Rac1 Bd6 24. bxa5 Bc6 25. Kg2 e4 26. Be2 d3 27. Bd1
g5 28. fxe4 Bf4 29. Bb4+ Kf7 30. Bb3+ Kg6 31. Rxc6 bxc6 32. Rd1 c5 33. Be1 Rd8
34. a6 Nxe4 35. a7 Nf6 36. Rxd3 Ra8 37. Bc2 Kf7 38. Ra3 Ke7 39. Bc3 Nd5 40. Be4
Ke6 41. Bxg7 Bd6 42. Kf1 c4 43. Ra5 Bc5 44. Rxc5 Rxa7 45. Bxd5+ 1-0

[Event "TIPC 2010"]
[Site "Charleroi"]
[Date "2010.08.04"]
[Round "6.6"]
[White "Mastalerz, Xavier"]
[Black "Claesen, Pieter"]
[Result "0-1"]
[WhiteElo "2120"]
[BlackElo "2350"]
[PlyCount "116"]

1. Nf3 Nf6 2. c4 c6 3. d4 d5 4. e3 Bg4 5. Nc3 e6 6. h3 Bh5 7. g4 Bg6 8. Ne5
Nbd7 9. Nxg6 hxg6 10. Bd2 Bd6 11. cxd5 exd5 12. Bg2 Qe7 13. Qc2 Nb6 14. e4 Nxe4
15. Nxe4 dxe4 16. Qxe4 O-O-O 17. O-O-O Qxe4 18. Bxe4 Rhe8 19. Rhe1 Be7 20. Bc3
Bh4 21. Re2 Nd5 22. Rde1 Nf4 23. Bf5+ gxf5 24. Rxe8 Nd3+ 25. Kd2 Nxe1 26. Rxd8+
Kxd8 27. Kxe1 fxg4 28. hxg4 g6 29. Ke2 Kd7 30. Ke3 Ke6 31. f3 Kd5 32. Ke2 Bg5
33. Kd3 Bf6 34. b4 b6 35. a3 Bg7 36. a4 a6 37. Bb2 Bh8 38. Bc3 Bf6 39. Bb2 Bh4
40. Bc3 Bf6 41. Bb2 Bh4 42. Bc3 Bf2 43. Bb2 Be1 44. Bc3 Bxc3 45. Kxc3 g5 46.
Kd3 a5 47. bxa5 bxa5 48. Ke3 Kc4 49. Ke4 Kb4 50. Kf5 Kxa4 51. Kxg5 Kb5 52. Kf6
a4 53. Kxf7 a3 54. g5 a2 55. g6 a1=Q 56. g7 Qa2+ 57. Kf8 Qa3+ 58. Ke8 Qe3+ 0-1

[Event "TIPC 2010"]
[Site "Charleroi"]
[Date "2010.08.04"]
[Round "6.7"]
[White "Houriez, Clément"]
[Black "Maraite, Gregory"]
[Result "0-1"]
[WhiteElo "2259"]
[BlackElo "2098"]
[PlyCount "132"]

1. d4 Nf6 2. c4 e6 3. Nc3 Bb4 4. Qc2 c5 5. dxc5 O-O 6. a3 Bxc5 7. Nf3 b6 8. Bg5
Bb7 9. Rd1 h6 10. Bh4 Be7 11. e4 Nh5 12. Bxe7 Qxe7 13. Be2 Nf4 14. O-O f5 15.
e5 g5 16. Nb5 g4 17. Ne1 Nc6 18. Nd6 Rab8 19. Nxb7 Rxb7 20. Qd2 Qg5 21. Nd3
Nxd3 22. Qxd3 Nxe5 23. Qd6 Nf7 24. Qd4 Qg7 25. Qd2 d6 26. b4 Rd8 27. Qe3 Qe5
28. Qxe5 Nxe5 29. h3 gxh3 30. gxh3 Rc7 31. Rd4 Nc6 32. Rd2 Kf7 33. f4 Ne7 34.
Rfd1 d5 35. Kf2 Re8 36. Rd4 Rec8 37. Bh5+ Kf6 38. cxd5 Rc2+ 39. Ke1 Nxd5 40.
Bf3 R8c3 41. Bxd5 exd5 42. R1d3 Rxd3 43. Rxd3 Rc4 44. Rxd5 Rxf4 45. Rd7 Re4+
46. Kf2 Re7 47. Rd8 Rc7 48. h4 Kg6 49. Rd6+ Kh5 50. Rf6 Kxh4 51. Rxf5 Rc2+ 52.
Kf1 Ra2 53. Rf3 h5 54. b5 Kg4 55. Rd3 Kf5 56. Rd5+ Ke4 57. Rxh5 Rxa3 58. Rh7
Kd4 59. Rc7 Kd3 60. Ke1 Ra4 61. Rc6 Rb4 62. Rc7 Rb1+ 63. Kf2 Rxb5 64. Rxa7 Re5
65. Kf3 b5 66. Kf4 Re8 0-1

[Event "TIPC 2010"]
[Site "Charleroi"]
[Date "2010.08.04"]
[Round "6.8"]
[White "Di Cosmo, Jonathan"]
[Black "Maes, Wim"]
[Result "0-1"]
[WhiteElo "2019"]
[BlackElo "2232"]
[PlyCount "66"]

1. d4 Nf6 2. c4 g6 3. Nc3 Bg7 4. e4 d6 5. Be2 O-O 6. Nf3 e5 7. O-O Nc6 8. d5
Ne7 9. Ne1 Nd7 10. Nd3 f5 11. Bd2 Nf6 12. f3 Kh8 13. c5 dxc5 14. Nxc5 c6 15.
Ne6 Bxe6 16. dxe6 Qd4+ 17. Kh1 fxe4 18. Bg5 exf3 19. Rxf3 Nf5 20. Bd3 Qg4 21.
Bxf6 Bxf6 22. Bxf5 gxf5 23. Qd7 Rae8 24. Raf1 Re7 25. Qd6 f4 26. Ne4 Qxe6 27.
Qxe6 Rxe6 28. g3 Bg7 29. Nc5 Re7 30. gxf4 exf4 31. Nd3 Re2 32. Rxf4 Rxf4 33.
Rxf4 Rd2 0-1

[Event "TIPC 2010"]
[Site "Charleroi"]
[Date "2010.08.04"]
[Round "6.9"]
[White "Sclacmender, Julien"]
[Black "Van Vliet, Dennis"]
[Result "1-0"]
[WhiteElo "2214"]
[BlackElo "2076"]
[PlyCount "71"]

1. e4 e6 2. d4 d5 3. Nc3 Nf6 4. Bg5 Be7 5. e5 Nfd7 6. h4 c5 7. Bxe7 Qxe7 8. Nb5
O-O 9. Nc7 Nxe5 10. Nxa8 cxd4 11. Qxd4 Nbc6 12. Qd2 Qd6 13. f4 Ng4 14. Nh3 Bd7
15. Be2 Nf6 16. Nf2 Rxa8 17. h5 Rc8 18. h6 g6 19. a3 e5 20. fxe5 Nxe5 21. Rh4
Bf5 22. c3 Nfd7 23. Rd4 Nb6 24. g4 Be6 25. Qf4 Nbd7 26. Rad1 Qe7 27. Kf1 Rf8
28. Bb5 g5 29. Qe3 Qf6 30. Bxd7 Bxd7 31. Rxd5 Nxg4 32. Qxg5+ Qg6 33. Qxg6+ fxg6
34. Rxd7 Rxf2+ 35. Kg1 Rxb2 36. Rg7+ 1-0

[Event "TIPC 2010"]
[Site "Charleroi"]
[Date "2010.08.04"]
[Round "6.10"]
[White "Bolzoni, Victor-Angel"]
[Black "Baguet, Frederic"]
[Result "1-0"]
[WhiteElo "2240"]
[BlackElo "2017"]
[PlyCount "73"]

1. e4 d5 2. exd5 Nf6 3. Nf3 Nxd5 4. d4 Bg4 5. Be2 g6 6. O-O Bg7 7. Re1 O-O 8.
h3 Bxf3 9. Bxf3 c6 10. c3 Re8 11. Qb3 Qd7 12. Na3 e6 13. Nc4 Qc7 14. Ne5 Nd7
15. Nd3 Qb6 16. Qa4 Qc7 17. h4 h6 18. Bd2 e5 19. Bxd5 cxd5 20. dxe5 Nxe5 21.
Nxe5 Rxe5 22. Rxe5 Bxe5 23. Bxh6 Qc4 24. Qxc4 dxc4 25. Rd1 Kh7 26. Bg5 Kg7 27.
Rd5 Re8 28. Be3 b6 29. Rxe5 Rxe5 30. Bd4 f6 31. Bxe5 fxe5 32. g4 b5 33. Kg2 a5
34. Kf3 b4 35. Ke4 a4 36. cxb4 a3 37. bxa3 1-0

[Event "TIPC 2010"]
[Site "Charleroi"]
[Date "2010.08.04"]
[Round "6.11"]
[White "Godart, François"]
[Black "Atanasiu, Nicolae"]
[Result "1-0"]
[WhiteElo "2240"]
[BlackElo "2042"]
[PlyCount "34"]

1. d4 b6 2. e4 Bb7 3. Nc3 e6 4. Nf3 Bb4 5. Bd3 Nf6 6. Bg5 Bxc3+ 7. bxc3 h6 8.
Bxf6 Qxf6 9. O-O Nc6 10. e5 Qe7 11. Qe2 a5 12. c4 Nb4 13. Be4 Bxe4 14. Qxe4 O-O
15. Nd2 Na6 16. Rfe1 f5 17. Qe2 Nb8 {ILLISIBLE} 1-0

[Event "TIPC 2010"]
[Site "Charleroi"]
[Date "2010.08.04"]
[Round "6.12"]
[White "Van Vlaanderen, Koen"]
[Black "Henris, Luc"]
[Result "1-0"]
[WhiteElo "2056"]
[BlackElo "2213"]
[PlyCount "83"]

1. e4 e5 2. Nf3 d6 3. d4 exd4 4. c3 Nf6 5. Qxd4 Nc6 6. Bb5 Bd7 7. Bxc6 Bxc6 8.
Bg5 Be7 9. Nbd2 h6 10. Bxf6 Bxf6 11. Qd3 O-O 12. O-O Re8 13. Rfe1 g6 14. Nd4
Bd7 15. f4 Bg7 16. N2f3 a6 17. Rad1 Qf6 18. e5 dxe5 19. Nxe5 Ba4 20. b3 Qxf4
21. Re4 Qf6 22. Ng4 Qd6 23. bxa4 Rxe4 24. Qxe4 c5 25. Qxb7 Re8 26. Rf1 f5 27.
Nc2 Rb8 28. Nxh6+ Bxh6 29. Qf3 Rb2 30. Ne3 Qe6 31. Nd5 Rxa2 32. c4 Rxa4 33. Qb3
Ra5 34. Qc3 Ra2 35. Rb1 Rxg2+ 36. Kh1 Bg7 37. Rb8+ Kh7 38. Qh3+ Bh6 39. Rb7+
Kg8 40. Ne7+ Kf7 41. Nd5+ Kg8 42. Re7 1-0

[Event "TIPC 2010"]
[Site "Charleroi"]
[Date "2010.08.04"]
[Round "6.13"]
[White "Audin, Thierry"]
[Black "Barbier, Wim"]
[Result "1/2-1/2"]
[WhiteElo "2011"]
[BlackElo "2151"]
[PlyCount "83"]

1. d4 d6 2. Nc3 Nf6 3. e4 e5 4. Bg5 Nbd7 5. Nf3 Be7 6. Bc4 O-O 7. dxe5 dxe5 8.
Qe2 c6 9. O-O b5 10. Bb3 a5 11. a3 Qc7 12. Rfe1 Nc5 13. Nd2 Ne6 14. Bxe6 Bxe6
15. Nd1 Rad8 16. Bxf6 Bxf6 17. Ne3 g6 18. Nf3 Rd7 19. Red1 Rfd8 20. Rxd7 Rxd7
21. Rd1 Rxd1+ 22. Qxd1 Be7 23. Qd3 f6 24. h3 Qd6 25. Qxd6 Bxd6 26. Kf1 Kf7 27.
Ke2 Bc8 28. Nd2 Ba6 29. c4 Ke6 30. Kd3 f5 31. f3 h5 32. Nc2 a4 33. Kc3 Be7 34.
Nb4 Bb7 35. Nd3 bxc4 36. Kxc4 Ba6+ 37. Kc3 Bb5 38. Nc4 f4 39. Nb6 g5 40. Nc4
Bd6 41. Nd2 Bc7 42. Nc4 1/2-1/2

[Event "TIPC 2010"]
[Site "Charleroi"]
[Date "2010.08.04"]
[Round "6.14"]
[White "Uhoda, Philippe"]
[Black "Lombart, Philippe"]
[Result "1/2-1/2"]
[WhiteElo "2143"]
[BlackElo "1988"]
[PlyCount "95"]

1. d4 d5 2. c4 e6 3. Nc3 Bb4 4. cxd5 exd5 5. Nf3 Nf6 6. Bg5 O-O 7. Qb3 Nc6 8.
a3 Bxc3+ 9. Qxc3 Ne4 10. Bxd8 Nxc3 11. Bxc7 Nb5 12. Be5 f6 13. e3 Nxa3 14. Rxa3
fxe5 15. Nxe5 Nxe5 16. dxe5 Bf5 17. Be2 Rfc8 18. Rc3 Rxc3 19. bxc3 a5 20. Kd2
a4 21. Ra1 Kf7 22. Ra3 Ke6 23. f4 Ra5 24. Bd3 g6 25. Bc2 b5 26. Bd1 h5 27. Be2
Kd7 28. Kc1 Kc6 29. Kb2 Kc5 30. Ra2 b4 31. cxb4+ Kxb4 32. Ra3 Bc2 33. Bd3 Bb3
34. Bxg6 Rc5 35. e6 Rc7 36. g3 d4 37. exd4 Bxe6 38. Bxh5 Bb3 39. Bg6 Re7 40.
Bh5 Re3 41. Ra1 Rd3 42. Re1 Rd2+ 43. Ka1 a3 44. Bg6 Ra2+ 45. Kb1 Rb2+ 46. Ka1
Ra2+ 47. Kb1 Rb2+ 48. Ka1 1/2-1/2

[Event "TIPC 2010"]
[Site "Charleroi"]
[Date "2010.08.04"]
[Round "6.15"]
[White "Remy, Joel"]
[Black "Winants, Henri"]
[Result "1/2-1/2"]
[WhiteElo "2106"]
[BlackElo "1953"]
[PlyCount "35"]

1. d4 Nf6 2. c4 g6 3. Nc3 Bg7 4. e4 d6 5. f4 c5 6. d5 O-O 7. Nf3 e6 8. Be2 exd5
9. cxd5 Bg4 10. h3 Bxf3 11. Bxf3 Nbd7 12. O-O Re8 13. Qc2 a6 14. a4 Rc8 15. Be3
c4 16. Rae1 Nc5 17. Bxc5 Rxc5 18. Qf2 1/2-1/2

[Event "TIPC 2010"]
[Site "Charleroi"]
[Date "2010.08.04"]
[Round "6.16"]
[White "Russo, Julien"]
[Black "Leloutre, Bernard"]
[Result "1-0"]
[WhiteElo "2084"]
[BlackElo "1883"]
[PlyCount "73"]

1. e4 e6 2. d4 d5 3. Nd2 a6 4. Ngf3 c5 5. dxc5 Bxc5 6. Bd3 Nf6 7. exd5 exd5 8.
O-O O-O 9. Nb3 Bb6 10. h3 Qd6 11. Nbd4 Nc6 12. c3 Be6 13. Re1 Nxd4 14. cxd4 h6
15. Be3 Rac8 16. Ne5 Ne4 17. Bf4 Bxd4 18. Bxe4 dxe4 19. Rxe4 Rfd8 20. Qe2 Qb6
21. Rd1 Bf5 22. Rexd4 Rxd4 23. Be3 Rxd1+ 24. Qxd1 Qxb2 25. Qd6 Qxa2 26. Nf3 Qe6
27. Qf4 Be4 28. Nd4 Qg6 29. f3 Bc6 30. Nf5 Re8 31. Bd4 f6 32. Bc5 Qf7 33. Nd6
Qd7 34. Qc4+ Kh7 35. Qc2+ Kh8 36. Qg6 Rg8 37. Nf7+ 1-0

[Event "TIPC 2010"]
[Site "Charleroi"]
[Date "2010.08.04"]
[Round "6.17"]
[White "Geboers, Jimmy"]
[Black "Hulpia, Fabian"]
[Result "0-1"]
[WhiteElo "1963"]
[BlackElo "2069"]
[PlyCount "160"]

1. d4 d5 2. c4 c6 3. Nc3 Nf6 4. e3 a6 5. Nf3 b5 6. c5 Bg4 7. Be2 Nbd7 8. Bd2 g6
9. b4 Bxf3 10. Bxf3 e5 11. dxe5 Nxe5 12. O-O Bg7 13. a4 O-O 14. Rc1 Nc4 15. a5
Re8 16. Be1 Bh6 17. Bd2 Rc8 18. Ne2 Ne4 19. Bxe4 Rxe4 20. Ng3 Re6 21. Ne2 Qh4
22. Nd4 Re4 23. Nf3 Qh5 24. Rc2 Bg7 25. Bc3 Bh6 26. Nd2 Qxd1 27. Rxd1 Nxd2 28.
Rdxd2 Rce8 29. Rd4 Bg7 30. Rxe4 Rxe4 31. Bd2 Rc4 32. Rc1 Bb2 33. Rb1 Rc2 34.
Rd1 Ba3 35. Kf1 Rb2 36. e4 d4 37. Be1 Bxb4 38. Rxd4 Bxe1 39. Kxe1 Rc2 40. Rd8+
Kg7 41. Ra8 Rxc5 42. Rxa6 Rc4 43. Kd2 Kf6 44. Ra8 Ke7 45. f3 Ra4 46. a6 c5 47.
a7 Kf6 48. f4 b4 49. e5+ Kg7 50. Kd3 b3 51. Kc3 c4 52. g4 Ra2 53. f5 b2 54. Kc2
gxf5 55. gxf5 c3 56. f6+ Kh6 57. Rb8 Rxa7 58. Kxc3 Kg6 59. Rxb2 Kf5 60. Kd4
Rd7+ 61. Ke3 Kxe5 62. Rb6 Rd1 63. Kf2 Rd6 64. Rb3 Kxf6 65. Rh3 Kg7 66. Rg3+ Rg6
67. Kf3 Rxg3+ 68. hxg3 Kg6 69. Kg4 Kf6 70. Kh5 Kf5 71. g4+ Kf4 72. Kh4 h6 73.
Kh3 f6 74. Kh4 Kf3 75. Kh3 Ke3 76. Kg3 Ke4 77. Kh2 Kf4 78. Kh3 Kf3 79. Kh4 Kg2
80. Kh5 Kg3 0-1

[Event "TIPC 2010"]
[Site "Charleroi"]
[Date "2010.08.04"]
[Round "6.18"]
[White "Noiroux, Kevin"]
[Black "César, André"]
[Result "0-1"]
[WhiteElo "2162"]
[BlackElo "1788"]
[PlyCount "122"]

1. d4 Nf6 2. c4 e6 3. g3 d5 4. Bg2 Be7 5. Nf3 O-O 6. Nbd2 c5 7. O-O Nc6 8. cxd5
exd5 9. dxc5 Bxc5 10. Nb3 Bb6 11. Nbd4 Re8 12. e3 Bg4 13. Nxc6 bxc6 14. Qa4 c5
15. b3 Ne4 16. Nd2 Bd7 17. Qa3 Bb5 18. Re1 Ba5 19. Bxe4 dxe4 20. Qxc5 a6 21. a4
Rc8 22. Qh5 Bd3 23. Ra2 Rc2 24. Rxc2 Bxc2 25. Qe2 Qd5 26. f3 exf3 27. e4 Qd4+
28. Qf2 Qxf2+ 29. Kxf2 Rd8 30. Nxf3 Bxe1+ 31. Nxe1 Bxb3 32. a5 Rd4 33. Ke3 Rd1
34. Bd2 Ra1 35. g4 f6 36. h4 Kf7 37. Kd3 Ba4 38. g5 Ke6 39. gxf6 gxf6 40. h5
Bb5+ 41. Ke3 Ra3+ 42. Kf4 Be2 43. h6 Rh3 44. Bb4 Rxh6 45. Nc2 Bd3 46. Nd4+ Kf7
47. Nf5 Rh1 48. Ke3 Bb1 49. Nd6+ Ke6 50. Nb7 Rh3+ 51. Kd4 Rd3+ 52. Kc5 Rb3 53.
Kc4 Re3 54. Nc5+ Kf7 55. Kd4 Re2 56. Kd5 h5 57. Bc3 h4 58. e5 fxe5 59. Bxe5
Rxe5+ 60. Kxe5 h3 61. Ne4 Bxe4 0-1

[Event "TIPC 2010"]
[Site "Charleroi"]
[Date "2010.08.04"]
[Round "6.19"]
[White "Marchal, Chantal"]
[Black "Van Mechelen, Jan"]
[Result "0-1"]
[WhiteElo "1864"]
[BlackElo "2278"]
[PlyCount "56"]

1. e4 Nf6 2. e5 Nd5 3. d4 d6 4. exd6 exd6 5. c4 Nb6 6. Nc3 Nc6 7. Be3 Be7 8. h3
O-O 9. Nf3 Bf5 10. a3 Bf6 11. Be2 d5 12. cxd5 Nxd5 13. Nxd5 Qxd5 14. Rc1 Rad8
15. Rc4 Qd7 16. b4 a6 17. O-O Be6 18. Rc3 Bd5 19. Qc1 Rfe8 20. Rd1 Re6 21. Rd2
Rde8 22. Rcc2 Bd8 23. Ne1 Rxe3 24. fxe3 Bg5 25. Rd3 Be4 26. Rcc3 Bxd3 27. Rxd3
Nxd4 28. Bg4 Qxg4 0-1

[Event "TIPC 2010"]
[Site "Charleroi"]
[Date "2010.08.04"]
[Round "6.20"]
[White "Van Uytven, Eric"]
[Black "Atienza, Hilario"]
[Result "1/2-1/2"]
[WhiteElo "2160"]
[BlackElo "1851"]
[PlyCount "99"]

1. d4 d5 2. c4 c6 3. Nf3 Nf6 4. e3 e6 5. Nbd2 Nbd7 6. b3 Bb4 7. Bb2 Ne4 8. a3
Bxd2+ 9. Nxd2 f5 10. g3 O-O 11. f3 Nxd2 12. Qxd2 Nf6 13. Bd3 b6 14. O-O Ba6 15.
Rfe1 Rc8 16. Rad1 g6 17. Qe2 Rc7 18. e4 Rcf7 19. e5 Ne8 20. a4 Kh8 21. f4 Rg8
22. h4 h5 23. Qe3 Qc8 24. Ra1 Rc7 25. Ba3 Rgg7 26. Bd6 Rcd7 27. c5 bxc5 28.
Bxc5 Bxd3 29. Qxd3 Qb7 30. Rec1 a6 31. Rc3 Rc7 32. Rac1 Rgd7 33. Qc2 Rc8 34.
Kf2 a5 35. Ba3 Qb6 36. Qd2 Kg8 37. Bc5 Qa6 38. Rb1 Rb7 39. Qe2 Qxe2+ 40. Kxe2
Kf7 41. Ba3 Rb6 42. Rc5 Ra6 43. Rbc1 Ng7 44. Bb2 Ke8 45. Rb5 Kd7 46. Rb7+ Rc7
47. Rb8 Rc8 48. Rxc8 Kxc8 49. Rc5 Kb7 50. Bc3 1/2-1/2

[Event "TIPC 2010"]
[Site "Charleroi"]
[Date "2010.08.05"]
[Round "7.1"]
[White "Vandenbussche, Thibaut"]
[Black "Vandevoort, Pascal"]
[Result "1/2-1/2"]
[WhiteElo "2317"]
[BlackElo "2345"]
[PlyCount "45"]

1. e4 c5 2. Nf3 d6 3. Bb5+ Nd7 4. d4 cxd4 5. Qxd4 a6 6. Bxd7+ Bxd7 7. Bg5 h6 8.
Bh4 Rc8 9. Nc3 Qa5 10. O-O Qc5 11. Qxc5 Rxc5 12. Rfe1 g5 13. Bg3 h5 14. h4 gxh4
15. Bxh4 Bg7 16. e5 Bxe5 17. Nxe5 Rxe5 18. Rxe5 dxe5 19. Nd5 f6 20. Rd1 Bc6 21.
Nb4 Bd7 22. Nd5 Bc6 23. Nb4 1/2-1/2

[Event "TIPC 2010"]
[Site "Charleroi"]
[Date "2010.08.05"]
[Round "7.2"]
[White "Simon, Olivier"]
[Black "Rausis, Igor"]
[Result "0-1"]
[WhiteElo "2339"]
[BlackElo "2466"]
[PlyCount "60"]

1. e4 d6 2. d4 Nf6 3. Nc3 g6 4. f4 Bg7 5. Nf3 O-O 6. Be3 c6 7. Qd2 b5 8. a3 a5
9. e5 Ng4 10. Bd3 Na6 11. h3 Nxe3 12. Qxe3 b4 13. Ne4 c5 14. c3 bxc3 15. bxc3
cxd4 16. cxd4 Nc7 17. Nc3 Rb8 18. Bc4 Ne6 19. Nd5 Bb7 20. Rd1 Rc8 21. Qb3 Bxd5
22. Bxd5 Nxf4 23. Bxf7+ Rxf7 24. Ng5 Nxg2+ 25. Ke2 Nf4+ 26. Kd2 Qf8 27. exd6
exd6 28. Rhf1 Bh6 29. Qxf7+ Qxf7 30. Nxf7 Kxf7 0-1

[Event "TIPC 2010"]
[Site "Charleroi"]
[Date "2010.08.05"]
[Round "7.3"]
[White "Wirig, Anthony"]
[Black "Maes, Wim"]
[Result "1/2-1/2"]
[WhiteElo "2489"]
[BlackElo "2232"]
[PlyCount "207"]

1. d4 Nf6 2. c4 g6 3. Nc3 Bg7 4. e4 d6 5. Nf3 O-O 6. Be2 e5 7. Be3 Nbd7 8. O-O
Qe7 9. Qc2 c6 10. c5 dxc5 11. dxe5 Ng4 12. Bg5 Qe6 13. h3 Ngxe5 14. Nd2 c4 15.
f4 Nd3 16. Nxc4 Qxc4 17. Bxd3 Qd4+ 18. Kh1 Nc5 19. Rad1 Nxd3 20. Rxd3 Qc5 21.
f5 Re8 22. Qb3 gxf5 23. Rg3 Be6 24. Qc2 Kh8 25. Be3 Qc4 26. Qf2 Be5 27. Bf4
Bxf4 28. Qxf4 Qd4 29. exf5 Qxf4 30. Rxf4 Bd5 31. f6 Re6 32. Nxd5 cxd5 33. Rg7
Rxf6 34. Rxh7+ Kxh7 35. Rxf6 Kg7 36. Rd6 Rc8 37. Rxd5 Rc2 38. Rb5 b6 39. Kh2
Kg6 40. a4 Rd2 41. b3 Rd3 42. a5 bxa5 43. Rxa5 Rxb3 44. Rxa7 f5 45. Ra8 Kg7 46.
Ra6 Rc3 47. Kg1 Rb3 48. Kf2 Rc3 49. Re6 Ra3 50. Re3 Ra4 51. Rb3 Kg6 52. Kf3 Kf6
53. g3 Kg6 54. Rb6+ Kg7 55. Rd6 Rb4 56. Ke3 Ra4 57. Rd4 Ra6 58. Kf4 Kf6 59. Rb4
Rc6 60. h4 Ra6 61. Kf3 Kg6 62. Rb3 Kf6 63. Kg2 Kg6 64. Kh3 Rc6 65. Rb8 Ra6 66.
Rf8 Rb6 67. Kg2 Rb3 68. Kf2 Ra3 69. Re8 Rb3 70. Re6+ Kf7 71. Ra6 Kg7 72. Kg2
Rc3 73. Rb6 Ra3 74. h5 Ra4 75. Rg6+ Kf7 76. Kh3 Rb4 77. Rc6 Kg7 78. Rc5 Kf6 79.
h6 Kg6 80. Rc6+ Kh7 81. Rf6 Ra4 82. Kg2 Rb4 83. Kf3 Ra4 84. Rxf5 Kxh6 85. Rf4
Ra5 86. Kg4 Kg6 87. Rb4 Ra6 88. Kh4 Rc6 89. Rg4+ Kh6 90. Ra4 Rb6 91. Ra8 Kg6
92. Rg8+ Kh7 93. Rd8 Kg6 94. g4 Ra6 95. Rg8+ Kh7 96. Rg5 Kh6 97. Rb5 Kg6 98.
Kg3 Rc6 99. Kf4 Rc4+ 100. Kf3 Rc6 101. Re5 Ra6 102. Kf4 Ra4+ 103. Kg3 Ra1 104.
Kg2 1/2-1/2

[Event "TIPC 2010"]
[Site "Charleroi"]
[Date "2010.08.05"]
[Round "7.4"]
[White "Claesen, Pieter"]
[Black "Sclacmender, Julien"]
[Result "1-0"]
[WhiteElo "2350"]
[BlackElo "2214"]
[PlyCount "41"]

1. c4 e5 2. Nc3 Nf6 3. Nf3 Nc6 4. d4 exd4 5. Nxd4 Bc5 6. Nxc6 bxc6 7. g3 Rb8 8.
Qc2 O-O 9. Bg2 Ba6 10. O-O h6 11. Na4 Be7 12. Be3 Rb4 13. b3 Qb8 14. Rac1 Re8
15. Rfd1 Bf8 16. Bd4 Nh7 17. Bc3 Rxa4 18. bxa4 d5 19. cxd5 Rxe2 20. Rd2 Re8 21.
dxc6 1-0